000 00967nam a22002657a 4500
001 BD-DhSAU 9278
003 BD-DhSAU
005 20260512144430.0
008 260512b2018 bg a|||| m||| 00| 0 eng d
040 _aBD-DhSAU
082 _222
_a631.4
_bOy8
100 _aDEBY, OYSHARJA
_eRegistration # 17-07593
245 _aUse of nano urea for maximum growth and yield of boro rice (brri dhan102) /
_bMS thesis
260 _aSher-e-Bangla Agricultural University;
_bDepartment of Soil Science, ;
_c2024.
300 _ax, 90p. :
_bill. ;
_c30 cm.
500 _aMS thesis of Department of Soil Science, ;, Faculty of Agriculture. Sher-e-Balgla Agricultural University Dhaka-1207
504 _aIncludes bibliographical reference.
590 _aNazmul
650 _anano urea
650 _aboro rice (brri dhan102)
700 _aProf. Dr. Alok Kumar Paul
_eSuperviser
710 _eCo-Superviser
_aProf. Mst. Afrose Jahan
942 _2ddc
_cTHESIS
999 _c18388
_d18387